| 000 | 00704 a2200217 4500 | ||
|---|---|---|---|
| 999 |
_c5155 _d5155 |
||
| 010 | _aENG-86758 | ||
| 020 |
_c80.00 _a8126024244 |
||
| 035 | _aEN-70291 | ||
| 037 | _bDBAD / PUB | ||
| 082 | 1 | 4 | _a882 |
| 100 | _aSharma, Partap | ||
| 245 | 1 |
_aA touch of brightness , Doongaji House / _cby Partap Sharma [and] Cyrus Mistry ; ed. by Alok Bhalla [and] Anju Makhija |
|
| 260 |
_aNew Delhi _bSahitya Akademi _c2006 |
||
| 270 |
_aRabindra Bhavan, 35 Ferozeshah Road, _bNew Delhi _e110 001 _cKarnataka |
||
| 300 |
_aix, 182p _c22cm (pbk) |
||
| 500 | _acontent two plays | ||
| 700 | _aMistry, Cyrus | ||
| 700 | _aBhalla, Alok | ||
| 700 | _aMakhija, Anju | ||
| 942 |
_adpl _cEN _2ddc _h882 _mSHA |
||